Welcome to the Holygrace Academy Library

Please use search bar below to get started

LEARN FASTER & REMEMBER MORE (Record no. 5149)

MARC details
000 -LEADER
fixed length control field 00323nam a22001337a 4500
020 ## - INTERNATIONAL STANDARD BOOK NUMBER
ISBN 81-7286-706-9
082 ## - DEWEY DECIMAL CLASSIFICATION NUMBER
Classification number 158
Item number GAM/L
100 ## - MAIN ENTRY--AUTHOR NAME
Personal name GAMON, DAVID
245 ## - TITLE STATEMENT
Title LEARN FASTER & REMEMBER MORE
260 ## - PUBLICATION, DISTRIBUTION, ETC. (IMPRINT)
Place of publication BENGALURU
Name of publisher PRISM BOOKS PVT.LTD.
300 ## - PHYSICAL DESCRIPTION
Number of Pages 320
650 ## - SUBJECT ADDED ENTRY--TOPICAL TERM
Topical Term PERSONALITY DEVELOPMENT
Geographic subdivision BENGALURU
942 ## - ADDED ENTRY ELEMENTS (KOHA)
Koha item type Books
Holdings
Withdrawn status Lost status Collection code Home library Current library Shelving location Date acquired Source of acquisition Full call number Accession Number Koha item type
    Reference Main Library Main Library SHELF-17G-PERSONALITY DEVELOPMENT BOOKS 11/05/2016 PURCHASE 158 GAM/L 04272 Books